Telecom Namibia directory 2006/2007.
| Format: | Book |
|---|---|
| Published: |
Windhoek:
African directory services,
2006.
|
| Subjects: |
| LEADER | 00523cam a2200157 7i4500 | ||
|---|---|---|---|
| 001 | 0000019658 | ||
| 005 | 20070817090000.0 | ||
| 090 | 0 | 0 | |a NAMB 910.2596881 |b TEL |
| 245 | 0 | 0 | |a Telecom Namibia directory 2006/2007. |
| 260 | 0 | 0 | |a Windhoek: |b African directory services, |c 2006. |
| 300 | # | # | |a 224 p. |
| 650 | 0 | 0 | |a Namibia -- |x Telephone directories |
| 650 | 0 | 0 | |a Namibia -- |x Yellow pages |
| 650 | 0 | 0 | |a Business -- |x Telephone directories -- |z Namibia |
| 651 | 0 | 0 | |a Namibia |
| 999 | |a 0000020659 |b Directories |c Countries |e Business Information Centre | ||